000 00641nam a2200265Ia 4500
005 20260324152901.0
008 008 260324s9999 xx 000 0 eng d
020 _a9780857090478
037 _aEBOOK
040 _aCRL
040 _beng
040 _cCRL
041 _2eng
041 _aeng
084 _qCRL
100 _aGray, T
_91230010
245 0 _aControl of Welding Distortion in Thin Plate Fabrications
260 _bElsevier
260 _c2014
650 _aEngineering
856 _uhttps://www.sciencedirect.com/science/book/9780857090478
942 _cEBOOK
999 _c1840987
_d1840987